| 000 | 00497nam a22001697a 4500 | ||
|---|---|---|---|
| 003 | CEME | ||
| 005 | 20210628205120.0 | ||
| 008 | 210226b xxu||||| |||| 00| 0 eng d | ||
| 020 | _a0-19-520887-0 | ||
| 040 | _c. | ||
| 082 | _a658 MID'S | ||
| 100 |
_aMiddleton, J Adams, Arvil Van Ziderman, A _973992 |
||
| 245 | _aSkills for productivity vocational education and training in developing countries | ||
| 260 |
_aOXFORD _bOXFORD UNIVERSITY PRESS _c1993 |
||
| 300 | _aXIX, 353P | ||
| 942 |
_cBK _2ddc |
||
| 999 |
_c579583 _d579583 |
||